|
|
|
|
| LEADER |
00000cam a2200000 a 4500 |
| 001 |
vtls008381552 |
| 003 |
SK-MaSNL |
| 005 |
20260302041647.0 |
| 008 |
250313s1944 xo 000 0 slo |
| 015 |
|
|
|a SNBA19421945-065/1421
|
| 035 |
|
|
|a SK01SNKBKSD220010073769
|
| 035 |
|
|
|a urn:nbn:sk:snk-am3hvp6
|
| 035 |
|
|
|a F17339E0-7BE0-4F79-BE66-F6044AF48D59
|
| 035 |
|
|
|a urn:nbn:sk:snk-am00dao0
|
| 035 |
|
|
|a SKM000076232
|
| 040 |
|
|
|a SNK
|b slo
|c SNK
|e AACR2
|
| 041 |
0 |
|
|a slo
|
| 044 |
|
|
|a xo
|c SK
|
| 080 |
|
|
|a 61
|2 1981
|
| 100 |
1 |
|
|a Kunst, Teodor,
|d 1898-1963
|4 aut
|9 37643
|
| 245 |
1 |
0 |
|a Ľudová zdravoveda
|c Teodor Kunst
|
| 250 |
|
|
|a 2. vydanie
|
| 260 |
|
|
|a Bratislava
|b Generálny sekretariát Hlinkovej slovenskej ľudovej strany
|c 1944
|e Bratislava
|f Slovenská ľudová kníhtlačiareň
|
| 300 |
|
|
|a 191, [iv] s.
|c 8°
|
| 490 |
1 |
|
|a Ľudová knižnica HSĽS
|v sv. 2
|
| 650 |
0 |
7 |
|a zdravoveda
|2 SNKPH
|9 68172
|
| 650 |
0 |
7 |
|a starostlivosť o zdravie
|2 SNKPH
|9 1302
|
| 655 |
|
7 |
|a príručky
|2 SNKPH
|9 74364
|
| 830 |
|
0 |
|a Ľudová knižnica HSĽS
|9 327708
|
| 852 |
|
|
|a Slovenská národná knižnica
|
| 958 |
|
|
|a OND
|
| 958 |
|
|
|a RK
|
| 958 |
|
|
|a TL
|
| 999 |
|
|
|c 1079713
|d 1081643
|
| 952 |
|
|
|a SNK
|b SNK
|y VYP
|7 0
|p 17A0654733
|o snkSD 4827/2 D1
|i snkKSF 1680/56
|8 5
|3 rekatalogizácia
|0 0
|1 0
|4 0
|d 2007-05-28
|l 0
|r 2026-02-24 16:22:00
|w 2026-02-24
|
| 952 |
|
|
|a SNK
|b SNK
|y VYP
|7 0
|p 17A0560384
|o snkSD 4827/2 D2
|i snkI. 1029/49
|0 0
|1 0
|4 0
|d 2007-09-21
|l 0
|r 2026-02-24 16:22:01
|w 2026-02-24
|
| 952 |
|
|
|a SNK
|b SNK
|y PREZ
|7 0
|p 17A0907833
|o snkSD 4827/2
|i snk2626/44
|0 0
|1 0
|4 0
|d 2018-06-11
|f 1
|l 0
|r 2025-11-11 00:00:00
|w 2026-02-24
|